| 000 | 00818cab a2200241 4500 | ||
|---|---|---|---|
| 001 | WB2826-47 | ||
| 008 | 090401t1992 xxu||||| |||| 00| 0 eng d | ||
| 035 | _a(Sirsi) u49648 | ||
| 041 | _aeng | ||
| 245 | _aRICS to fund appeal | ||
| 260 | _c1992 | ||
| 350 | _a0 | ||
| 490 |
_aCSM (Chartered Surveyor Monthly) _v1(10) July 1992, 4 (1) |
||
| 520 | _aThe RICS is to fund the appeal in the "Summers v Congreve Horner" insurance case despite the CA`s refusal to allow the Institution to be joined in the proceedings. | ||
| 650 | _aINDEPENDENT INSURANCE CONMPANY | ||
| 650 | _aPROFESSIONAL INDEMNITY INSURANCE | ||
| 650 | _aPROFESSIONAL NEGLIGENCE | ||
| 650 | _aQUALIFICATIONS | ||
| 650 | _aSUPERVISION | ||
| 690 | _aMANAGEMENT-BUSINESS MANAGEMENT-PROFESSIONAL PRACTICE | ||
| 942 | _n0 | ||
| 948 | _c04/03/1997 | ||
| 999 |
_c31082 _d31082 |
||